000 00348nam a2200145Ia 4500
008 230718s9999 xx 000 0 und d
041 _aEng.
082 _a348.022
_bSAR-I
100 _aSarathi, Vepa P.
245 0 _aInterpretation of Statutes
260 _aPakistan
_bEastern book company
_c2008
300 _a776
650 _aLaw
999 _c29773
_d29773